Êtes-vous rapide ? Test de rapidité 5 mots - Statistiques

Statistiques générales
  • Ce quiz a été pris 631 fois
  • Le résultat moyen est 3 sur 10
Statistiques - réponses
En anglais : Réponse % Correct
Hello Bonjour
98%
Goodbye Au revoir
87%
Thanks Merci
44%
Please S'il te plait
36%
Sorry Pardon
12%
Hello Salut
11%
Sorry Désolé
10%
Goodbye À plus
1%
Please S'te plaît
1%
Thanks Merci bien
0%
Aucun quiz correspondant
Distribution des résultats
% des personnes avec chaque résultat
Percentile par nombre de réponses
Votre historique - résultats
Vous n’avez pas pris ce quiz